000 00420nam a22001697a 4500
005 20180613140622.0
008 160511b xxu||||| |||| 00| 0 eng d
020 _a978-81259-3080-3
041 _aeng
082 _b1277
_a657
100 _aMaheshwari SN
_94350
245 _aAn introductin to Accountancy
260 _bVikas Publishing house Pvt. Ltd.
_c2010
300 _a495
650 _aManagement
_9241
942 _cBK
999 _c545
_d545